[Event "AUTO-INT-1583"]
[Site "http://www.queenalice.com/game.php?id=716635"]
[Date "2010.1.19"]
[Round "1"]
[White "KAXY"]
[Black "moleza"]
[Result "0-1"]
[WhiteElo "1761"]
[BlackElo "1722"]

1. d4 e6 2. e4 d5 3. e5 c5 4. dxc5 Bxc5 5. Nd2 Qb6 6. Qe2 Nc6 7. Nb3 Nd4 8. Nxd4
Bxd4 9. c3 Bc5 10. Qb5+ Bd7 11. Qxb6 Bxb6 12. Bd3 Ne7 13. Bg5 Nc6 14. f4 O-O 15.
Nf3 h6 16. Bh4 a6 17. b4 d4 18. Bf2 Rfd8 19. cxd4 Be8 20. O-O Nxd4 21. Bxd4
Bxd4+ 22. Nxd4 Rxd4 23. Rad1 Rad8 24. Be2 Ba4 25. Rxd4 Rxd4 26. Rb1 Rxf4 27. a3
Re4 28. Bd3 Rxe5 29. Kf2 Rd5 30. Ke3 g5 31. g4 Re5+ 32. Be4 Bc6 33. Kd4 Rxe4+
34. Kc5 Rxg4 35. Rb3 Rh4 36. h3 Bd5 37. Rc3 g4 38. hxg4 Rxg4 39. Kd6 h5 40. Ke7
Kg7 41. Rc2 h4 42. Rh2 Bg2 43. Rxg2 Rxg2 44. Kd7 h3 45. Kc7 h2 46. Kxb7 h1=Q 47.
Kxa6 Ra2 48. Kb5 Rxa3 49. Kc5 Rc3+ 50. Kb5 Qc6+ 51. Ka5 Ra3# 0-1

[Event "AUTO-INT-1583"]
[Site "http://www.queenalice.com/game.php?id=716636"]
[Date "2010.1.19"]
[Round "1"]
[White "moleza"]
[Black "KAXY"]
[Result "1-0"]
[WhiteElo "1771"]
[BlackElo "1734"]

1. e4 e5 2. Nf3 d6 3. Bc4 Bg4 4. Nc3 Bxf3 5. Qxf3 Nf6 6. Nd5 Nxd5 7. Bxd5 f6 8.
Bxb7 Nd7 9. Bxa8 Qxa8 10. O-O Be7 11. d3 Nf8 12. Qg3 Ng6 13. f4 Nxf4 14. Bxf4
exf4 15. Qxg7 Kd7 16. Qg4+ Kc6 17. Rxf4 a5 18. Qe6 Qf8 19. Qd5+ Kb6 20. c4 c6
21. Qd4+ c5 22. Qc3 Qb8 23. a3 h5 24. b4 cxb4 25. axb4 axb4 26. Qxb4+ Kc7 27.
Qa5+ Kd7 28. Qf5+ Kd8 29. Qa5+ Ke8 30. Rh4 f5 31. Rf4 Rf8 32. Rxf5 Bd8 33. Rxf8+
Kxf8 34. Qf5+ Ke7 35. Qxh5 Kd7 36. Qf7+ Be7 37. Qf5+ Ke8 38. Rf1 Qb6+ 39. Kh1
Kd8 40. e5 dxe5 41. Qxe5 Bd6 42. Qh8+ Kc7 43. Qg7+ Kc6 44. d4 Bc7 45. Rf6+ Bd6
46. Rf1 Bc7 47. c5 Qb5 48. Rf6+ Kd5 49. g3 Qb1+ 50. Kg2 Qe4+ 51. Kh3 Ba5 52.
Qf7+ Kxd4 53. Rf4 Qxf4 54. gxf4 Kxc5 55. Qa7+ Bb6 56. Qe7+ Kb5 57. f5 Bc5 58.
Qe5 Kb4 59. f6 Kb5 60. f7 Kc6 61. Qxc5+ Kd7 62. f8=Q Ke6 63. Qff5# 1-0

[Event "AUTO-INT-1583"]
[Site "http://www.queenalice.com/game.php?id=716647"]
[Date "2010.1.19"]
[Round "1"]
[White "RenatoAraujo"]
[Black "moleza"]
[Result "1-0"]
[WhiteElo "2315"]
[BlackElo "1704"]

1. e4 e6 2. d4 d5 3. Nd2 c5 4. exd5 exd5 5. Ngf3 Nc6 6. Bb5 Bd7 7. O-O Nf6 8.
Re1+ Be6 9. dxc5 Bxc5 10. Nb3 Qb6 11. Nxc5 Qxc5 12. Nd4 O-O 13. Bxc6 bxc6 14.
Rxe6 fxe6 15. Nxe6 Qe7 16. Nxf8 Kxf8 17. Bg5 Re8 18. h3 Qe5 19. Bxf6 Qxf6 20. c3
Re7 21. Qd2 Rf7 22. Re1 h6 23. Qe3 Re7 24. Qc5 Kf7 25. Re3 Rxe3 26. Qxe3 Qe7 27.
Qxe7+ Kxe7 28. f4 Ke6 29. Kf2 Kf5 30. Ke3 c5 31. g4+ Ke6 32. b4 cxb4 33. cxb4
Kd6 34. Kd4 a6 35. a4 g6 36. b5 axb5 37. axb5 1-0

[Event "AUTO-INT-1583"]
[Site "http://www.queenalice.com/game.php?id=716648"]
[Date "2010.1.19"]
[Round "1"]
[White "moleza"]
[Black "RenatoAraujo"]
[Result "0-1"]
[WhiteElo "1704"]
[BlackElo "2335"]

1. d4 Nf6 2. c4 g6 3. e3 Bg7 4. Nf3 O-O 5. Be2 d5 6. Nc3 c5 7. O-O cxd4 8. exd4
Nc6 9. Be3 dxc4 10. Bxc4 Bg4 11. h3 Bxf3 12. Qxf3 Nxd4 13. Bxd4 Qxd4 14. Bb3 Qb4
15. Rfe1 e6 16. Rac1 Rfd8 17. Ne4 Nxe4 18. Rxe4 Qb6 19. Rc2 Rac8 20. Rxc8 Rxc8
21. Re2 Rc1+ 22. Kh2 Qc7+ 23. g3 h5 24. Qe3 Qc6 25. Re1 Rxe1 26. Qxe1 Bxb2 27.
Qd2 Be5 28. Qd8+ Kg7 29. Qd3 h4 30. Bc4 hxg3+ 31. fxg3 a6 32. a3 b5 33. Ba2 Qc1
34. Qe2 Qc3 35. Qg2 Qxa3 36. h4 a5 37. Qf2 b4 0-1

[Event "AUTO-INT-1583"]
[Site "http://www.queenalice.com/game.php?id=716655"]
[Date "2010.1.19"]
[Round "1"]
[White "moleza"]
[Black "Cachao"]
[Result "0-1"]
[WhiteElo "1702"]
[BlackElo "1695"]

1. d4 d5 2. c4 dxc4 3. e3 e5 4. Bxc4 Qd7 5. Qf3 Nh6 6. Ne2 Qg4 7. Qxg4 Bxg4 8.
f3 Bd7 9. dxe5 Bb4+ 10. Nbc3 Nc6 11. f4 O-O 12. O-O Rae8 13. a3 Bc5 14. Kh1 Nf5
15. Nd5 Rc8 16. b4 Bb6 17. a4 Nxb4 18. Nxb4 Bxe3 19. Bxe3 Nxe3 20. Rfc1 Nxc4 21.
Rxc4 b5 22. axb5 Bxb5 23. Rc2 c5 24. Nd5 Rcd8 0-1

[Event "AUTO-BEG-361"]
[Site "http://www.queenalice.com/game.php?id=751369"]
[Date "2010.3.25"]
[Round "2"]
[White "moleza"]
[Black "rodrigomni"]
[Result "0-1"]
[WhiteElo "1697"]
[BlackElo "1380"]

1. e4 e5 2. Nf3 d6 3. Bc4 a6 4. d3 b5 5. Bb3 Be6 6. c3 Qd7 7. d4 f6 8. d5 Bf7 9.
Nfd2 Ne7 10. O-O g5 11. f3 Bh6 12. a3 O-O 13. Rf2 Ng6 14. Nf1 Qe7 15. Ng3 Nd7
16. Nf5 Qe8 17. Nxh6+ Kh8 18. Nxf7+ Qxf7 19. Qf1 Nc5 20. Bc2 Nf4 21. Bxf4 gxf4
0-1

[Event "AUTO-BEG-361"]
[Site "http://www.queenalice.com/game.php?id=751370"]
[Date "2010.3.25"]
[Round "2"]
[White "rodrigomni"]
[Black "moleza"]
[Result "1-0"]
[WhiteElo "1350"]
[BlackElo "1727"]

1. d4 Nf6 2. f3 g6 3. e3 Bg7 4. Ne2 e6 5. Nbc3 O-O 6. Qd3 d6 7. f4 Nc6 8. a3 Ne8
9. Bd2 e5 10. fxe5 dxe5 11. Qe4 exd4 12. exd4 Nxd4 13. Be3 Bf5 14. Qxd4 Bxd4 15.
Bxd4 Bxc2 16. Rc1 Bd3 17. Rd1 Bxe2 18. Nxe2 Nd6 19. Kf2 Qh4+ 20. Kg1 Rad8 21.
Bf2 Ne4 22. Bxh4 Rxd1 23. Nf4 1-0

[Event "AUTO-OPEN-1732"]
[Site "http://www.queenalice.com/game.php?id=774751"]
[Date "2010.5.13"]
[Round "2"]
[White "whyBish"]
[Black "moleza"]
[Result "1-0"]
[WhiteElo "2071"]
[BlackElo "1729"]

1. f4 d5 2. Nf3 c5 3. e3 Nc6 4. b3 Bg4 5. Be2 Nf6 6. Bb2 d4 7. h3 Bf5 8. Na3 a6
9. Nc4 Ne4 10. a4 Ng3 11. Rg1 1-0

[Event "AUTO-OPEN-1732"]
[Site "http://www.queenalice.com/game.php?id=774752"]
[Date "2010.5.13"]
[Round "2"]
[White "moleza"]
[Black "whyBish"]
[Result "0-1"]
[WhiteElo "1727"]
[BlackElo "2008"]

1. e4 c5 2. Nf3 g6 3. c3 d5 4. exd5 Qxd5 5. Qe2 Bg7 6. c4 Qd6 7. Nc3 Nf6 8. Qd3
Bf5 9. Qxd6 exd6 10. Be2 Nc6 11. O-O O-O-O 12. Re1 Rhe8 13. Bf1 Rxe1 14. Nxe1
Re8 15. Nf3 Bg4 16. Ng5 Re1 17. f3 Be6 18. Nxe6 Rxe6 19. Nd5 Nd4 20. Nxf6 Bxf6
21. d3 Nc2 22. Rb1 Bd4+ 23. Kh1 Re1 24. h3 Be3 0-1

[Event "AUTO-OPEN-1732"]
[Site "http://www.queenalice.com/game.php?id=774759"]
[Date "2010.5.13"]
[Round "2"]
[White "cme"]
[Black "moleza"]
[Result "1/2-1/2"]
[WhiteElo "2072"]
[BlackElo "1740"]

1. e4 c5 2. Nf3 e6 3. Nc3 Nc6 4. d3 d6 5. Be2 Nf6 6. Be3 a6 7. Qd2 Be7 8. O-O
O-O 9. a3 Re8 10. Kh1 d5 11. exd5 exd5 12. Bf4 Bd6 13. Bg5 Be6 14. Nh4 d4 15.
Ne4 Bd5 16. Bxf6 gxf6 17. Nxd6 Qxd6 18. Qh6 Rxe2 19. Nf5 Qf8 20. Qxf6 Re6 21.
Qh4 Rg6 22. f3 Re8 23. Rae1 Ne5 24. Qf4 Nd7 25. c4 Rxe1 26. Rxe1 Be6 27. Nd6 Qg7
28. Ne8 Qf8 29. Nd6 Rf6 30. Qg5+ Rg6 31. Qf4 1/2-1/2

[Event "AUTO-OPEN-1732"]
[Site "http://www.queenalice.com/game.php?id=774760"]
[Date "2010.5.13"]
[Round "2"]
[White "moleza"]
[Black "cme"]
[Result "1-0"]
[WhiteElo "1676"]
[BlackElo "2088"]

1. d4 Nf6 2. c4 e6 3. Nc3 b6 4. e3 Bb7 5. Nf3 Be7 6. Bd3 O-O 7. O-O c5 8. Re1
cxd4 9. exd4 Nc6 10. Bd2 Rc8 11. Qc1 Na5 12. b3 Bxf3 13. gxf3 Bd6 14. Bh6 Kh8
15. Bg5 h6 16. Bxh6 gxh6 17. Qxh6+ Kg8 18. Kh1 Re8 19. Rg1+ 1-0

[Event "AUTO-OPEN-1732"]
[Site "http://www.queenalice.com/game.php?id=774763"]
[Date "2010.5.13"]
[Round "2"]
[White "rxk"]
[Black "moleza"]
[Result "1-0"]
[WhiteElo "2033"]
[BlackElo "1793"]

1. d4 Nf6 2. c4 e6 3. Nf3 g6 4. Nc3 Bg7 5. e3 O-O 6. Bd3 d6 7. O-O Re8 8. e4 e5
9. d5 c6 10. Bg5 Nbd7 11. Qd2 Qb6 12. h3 Nc5 13. Rab1 Nxd3 14. Qxd3 h6 15. Be3
Qc7 16. Qd2 Kh7 17. g4 Ng8 18. Ne2 Qd7 19. Kg2 a6 20. Nh2 Qe7 21. Ng3 Bd7 22. f4
exf4 23. Bxf4 Be5 24. Rbe1 c5 25. Re2 b5 26. Ref2 Bxf4 27. Rxf4 Rf8 28. Qc2 bxc4
29. Qxc4 Bb5 30. Qc1 Bxf1+ 31. Nhxf1 Rab8 32. Qc2 Rb4 33. Ne3 Nf6 34. h4 Re8 35.
Nc4 a5 36. h5 Kg7 37. hxg6 fxg6 38. a3 Rb5 39. Ne3 Nxd5 40. Nxd5 Qe5 41. Rf2 Rc8
42. Qc3 Qxc3 43. Nxc3 Rb3 44. Nf1 Re8 45. Ne3 d5 46. Nexd5 h5 47. g5 Re5 48. Kf1
Rxg5 49. Na4 c4 50. Nc5 Rb5 51. Ne6+ Kh6 52. Nxg5 Kxg5 53. Kg2 h4 54. Kh3 Rb3+
55. Kh2 Kh5 56. Re2 g5 57. e5 1-0

[Event "AUTO-OPEN-1732"]
[Site "http://www.queenalice.com/game.php?id=774764"]
[Date "2010.5.13"]
[Round "2"]
[White "moleza"]
[Black "rxk"]
[Result "1-0"]
[WhiteElo "1706"]
[BlackElo "1827"]

1. e4 c5 2. Nf3 Nc6 3. Bc4 e6 4. Nc3 d6 5. d3 Nf6 6. Bg5 Be7 7. O-O O-O 8. h3
Nd4 9. Nxd4 cxd4 10. Ne2 e5 11. f4 h6 12. Bxf6 Bxf6 13. fxe5 dxe5 14. Ng3 Bd7
15. Qh5 b5 16. Bd5 Rc8 17. Bb3 Qe7 18. Rf2 Rc6 19. Raf1 Be6 20. Nf5 Qd7 21.
Nxh6+ gxh6 22. Rxf6 Bxb3 23. Rxh6 Rxh6 24. Qxh6 Bxa2 25. Rf3 1-0

[Event "AUTO-INT-1777"]
[Site "http://www.queenalice.com/game.php?id=812336"]
[Date "2010.8.2"]
[Round "1"]
[White "hooligan"]
[Black "moleza"]
[Result "1-0"]
[WhiteElo "1513"]
[BlackElo "1745"]

1. e4 e6 2. d3 c5 3. h4 f6 4. h5 Nc6 5. c3 d5 6. exd5 Qxd5 7. f3 Be7 8. c4 Qd8
9. Qa4 Bd7 10. Nc3 Nd4 11. Qd1 Qc7 12. g4 Qg3+ 13. Kd2 f5 14. Nb5 Bg5+ 15. Kc3
Nxb5+ 16. cxb5 Bf6+ 17. Kc2 Bxb5 18. Qd2 O-O-O 19. b4 Bxa1 20. Bh3 Bxd3+ 21. Kd1
Bc2+ 22. Kxc2 Rxd2+ 23. Bxd2 Bd4 24. Ne2 Qxf3 25. Rh2 fxg4 26. Nxd4 cxd4 27. a4
gxh3 28. b5 Nf6 29. a5 Kb8 30. b6 Rc8+ 31. Kb2 axb6 32. axb6 Rc6 33. h6 Rxb6+
34. Kc1 Rc6+ 35. Kb2 Rb6+ 36. Kc2 Qb3+ 37. Kc1 1-0

[Event "AUTO-INT-1777"]
[Site "http://www.queenalice.com/game.php?id=812337"]
[Date "2010.8.2"]
[Round "1"]
[White "moleza"]
[Black "hooligan"]
[Result "0-1"]
[WhiteElo "1773"]
[BlackElo "1485"]

1. d4 d5 2. c4 e6 3. e3 Bb4+ 4. Nc3 a5 5. cxd5 exd5 6. Qf3 Qd7 7. Bd2 c5 8. Nxd5
Bxd2+ 9. Kxd2 Qd6 10. Bc4 f6 11. Qe4+ Be6 12. Nc7+ Qxc7 13. Qxe6+ Ne7 14. Qf7+
Kd8 15. Qxg7 Nbc6 16. Qxh8+ Kd7 17. Qxa8 Nf5 18. Qf8 Nd6 19. Qg7+ Ne7 20. Qxh7
Qc6 21. Nf3 b5 22. Be2 b4 23. dxc5 Qd5+ 24. Qd3 Nc4+ 25. Kc1 Qxd3 26. Bxd3 Ne5
27. Nxe5+ fxe5 28. Rd1 a4 29. Bb5+ Kc7 30. Rd7+ Kc8 31. Rxe7 Kd8 32. Rd7+ Ke8
33. Ra7+ Kd8 34. Kc2 Kc8 35. Rd1 Kb8 36. Rh7 b3+ 0-1

[Event "AUTO-INT-1777"]
[Site "http://www.queenalice.com/game.php?id=812354"]
[Date "2010.8.2"]
[Round "1"]
[White "moleza"]
[Black "LEOKnopp"]
[Result "1-0"]
[WhiteElo "1786"]
[BlackElo "1552"]

1. e4 e5 2. Nf3 Bc5 3. Nc3 Bd4 4. d3 d5 5. Nxd5 Nf6 6. Nxf6+ gxf6 7. c3 Bc5 8.
d4 exd4 9. cxd4 Bb6 10. Bc4 Bg4 11. Be3 Nc6 12. d5 Ba5+ 13. Kf1 Nb4 14. Qa4+ Bd7
15. Qxa5 Nc2 16. Rc1 Nxe3+ 17. fxe3 b6 18. Qa3 b5 19. Bd3 Rb8 20. Qxa7 b4 21.
Rxc7 O-O 22. Rxd7 Qc8 23. Kf2 Ra8 24. Qb7 Rxa2 25. Rc7 Qxb7 26. Rxb7 Rxb2+ 27.
Be2 Rc8 28. Nd4 b3 29. Rxb3 Ra2 30. Rhb1 Kg7 31. Nf5+ Kf8 32. Rb8 Ra8 33. Rxa8
Rxa8 34. d6 Ke8 35. Bb5+ Kd8 36. d7 Ra2+ 37. Kf3 h5 38. Rc1 Rb2 39. Rc8# 1-0

[Event "AUTO-INT-1777"]
[Site "http://www.queenalice.com/game.php?id=812355"]
[Date "2010.8.2"]
[Round "1"]
[White "LEOKnopp"]
[Black "moleza"]
[Result "0-1"]
[WhiteElo "1480"]
[BlackElo "1668"]

1. e4 c5 2. e5 Nc6 3. d4 cxd4 4. Nf3 e6 5. Bb5 Qa5+ 6. Nc3 dxc3 7. Nd4 Nxd4 8.
Bc4 cxb2+ 9. Bd2 Qxe5+ 10. Be3 Nxc2+ 11. Kd2 bxa1=Q 12. Kxc2 Qec3# 0-1

[Event "AUTO-INT-1777"]
[Site "http://www.queenalice.com/game.php?id=812356"]
[Date "2010.8.2"]
[Round "1"]
[White "moleza"]
[Black "xmballd"]
[Result "0-1"]
[WhiteElo "1787"]
[BlackElo "1835"]

1. d4 Nf6 2. c4 e6 3. Nc3 Bb4 4. e3 O-O 5. Nf3 Ne4 6. Qd3 Bxc3+ 7. bxc3 d5 8.
cxd5 exd5 9. c4 Bf5 10. Qb3 dxc4 11. Bxc4 c5 12. Ne5 Qa5+ 13. Kf1 Nd6 14. dxc5
Nxc4 15. Qxc4 Na6 16. g4 Be6 17. Qf4 Nxc5 18. h4 Qc3 19. Bb2 Qxb2 20. Kg2 Nd3
21. Nxd3 Qc2 22. Ne1 Qc3 23. Rd1 Rfd8 24. Rxd8+ Rxd8 25. Nf3 Bxa2 26. Ng5 h6 27.
Ne4 Bd5 28. Rh2 Qc4 29. f3 Bxe4 30. fxe4 Rd2+ 31. Kf3 Qf1+ 32. Kg3 Qg1+ 33. Kh3
Rxh2+ 34. Qxh2 Qxe3+ 35. Qg3 Qxg3+ 36. Kxg3 a5 37. Kf3 a4 38. Ke3 a3 39. g5 a2
40. gxh6 a1=Q 41. hxg7 Qc1+ 42. Kd4 b5 43. e5 b4 44. Kd5 b3 45. Kd6 b2 46. e6
fxe6 47. Kxe6 b1=Q 0-1

[Event "AUTO-INT-1777"]
[Site "http://www.queenalice.com/game.php?id=812357"]
[Date "2010.8.2"]
[Round "1"]
[White "xmballd"]
[Black "moleza"]
[Result "0-1"]
[WhiteElo "1792"]
[BlackElo "1753"]

1. e4 c5 2. Nf3 e6 3. d4 cxd4 4. Nxd4 Qb6 5. Nb3 Bc5 6. Nxc5 Qxc5 7. Nc3 Nf6 8.
Be3 Qe7 9. Bc4 Nc6 10. Qd2 O-O 11. O-O-O a6 12. f4 b5 13. Bb3 Rd8 14. g4 Nxg4
15. Bb6 Re8 16. Rhg1 Nh6 17. f5 exf5 18. Rde1 Qf6 19. exf5 Bb7 20. Bd5 Nxf5 21.
Bxc6 Bxc6 22. Ref1 g6 23. Qd3 Re5 24. Bd4 Rd5 25. Nxd5 Qxd4 26. Ne7+ Kh8 27.
Qxd4+ Nxd4 28. Rxf7 Ne2+ 0-1